El Golem/Gustav Meyrink (1868-1932);traductor, Alaric Dukass (Registro nro. 19353)

Detalles MARC
000 -LEADER
fixed length control field 00553nam a22002051a 4500
001 - CONTROL NUMBER
control field 19353
003 - CONTROL NUMBER IDENTIFIER
control field OSt
005 - DATE AND TIME OF LATEST TRANSACTION
control field 20260204212449.0
008 - FIXED-LENGTH DATA ELEMENTS--GENERAL INFORMATION
fixed length control field 190501s2016||||spa||||||b||||||||||spa||
020 ## - NUMERO DE LIBRO INTERNACIONAL NORMALIZADO
International Standard Book Number 9788493806149
082 ## - DEWEY DECIMAL CLASSIFICATION NUMBER
Classification number 828 M615g
100 ## - ASIENTO PRINCIPAL -- NOMBRE PERSONAL
Personal name Meyrink, Gustav
245 ## - TÍTULO PROPIAMENTE DICHO: SUBTÍTULO
Title El Golem/Gustav Meyrink (1868-1932);traductor, Alaric Dukass
250 ## - MENCIÓN DE EDICIÓN
Edition statement 4 cuarta edición
264 ## - PRODUCTION, PUBLICATION, DISTRIBUTION, MANUFACTURE, AND COPYRIGHT NOTICE
Place of production, publication, distribution, manufacture Barcelona, España:Plutón
300 ## - PHYSICAL DESCRIPTION
Extensión 283 Páginas
500 ## - GENERAL NOTE
General note Colección MisterioIncluye índice
650 ## - ASIENTO SECUNDARIO DE MATERIA -- TERMINO TEMÁTICO
Termino Temático Como Elemento de Entrada Novela austriácaÌ
942 ## - ADDED ENTRY ELEMENTS (KOHA)
Source of classification or shelving scheme Dewey Decimal Classification
Koha item type Libros
Existencias
Withdrawn status Lost status Source of classification or shelving scheme Damaged status Not for loan Current library Date acquired Total Checkouts Full call number Barcode Date last seen Price effective from Koha item type
    Dewey Decimal Classification     Biblioteca UTECO 09/09/2019   828 M615G 019021 09/09/2019 09/09/2019 Libros
    Dewey Decimal Classification     Biblioteca UTECO 09/09/2019   828 M615G 019022 09/09/2019 09/09/2019 Libros
    Dewey Decimal Classification     Biblioteca UTECO 09/09/2019   828 M615G 019023 09/09/2019 09/09/2019 Libros
    Dewey Decimal Classification     Biblioteca UTECO 09/09/2019   828 M615G 019352 09/09/2019 09/09/2019 Libros
© 2021 Derechos Reservados UTECO - Teléfono: +1 809-585-2291 - Correo electrónico: biblioteca@uteco.edu.do​  
Código postal 43000 ​​
Dirección: Avenida Universitaria No. 100, 
Cotuí, Provincia Sánchez Ramírez, República Dominicana - RNC: 404-00059-6